LANGUAGE AND COMMUNICATION FOR HEARING IMPAIRMENT (Record no. 15460)

MARC details
000 -LEADER
fixed length control field 00320nam a22001337a 4500
003 - CONTROL NUMBER IDENTIFIER
control field SGT
020 ## - INTERNATIONAL STANDARD BOOK NUMBER
International Standard Book Number 978-81-8457-761-7
082 ## - DEWEY DECIMAL CLASSIFICATION NUMBER
Classification number 616.855
Item number L17D
100 ## - MAIN ENTRY--PERSONAL NAME
Personal name DALAI, PRABHASH R.
245 ## - TITLE STATEMENT
Title LANGUAGE AND COMMUNICATION FOR HEARING IMPAIRMENT
260 ## - PUBLICATION, DISTRIBUTION, ETC. (IMPRINT)
Place of publication, distribution, etc INDIA
Name of publisher, distributor, etc KANISHKA
Year of Publication 2017
300 ## - PAGE DESCRIPTION
No. of Pages 205
942 ## - ADDED ENTRY ELEMENTS (KOHA)
Source of classification or shelving scheme Dewey Decimal Classification
Koha item type Books
Holdings
Withdrawn status Lost status Source of classification or shelving scheme Damaged status Not for loan Collection code Home library Current library Shelving location Date acquired Vendor Name Cost, normal purchase price SGTU Bill Number Total Checkouts Full call number Accession No. (Barcode) Date last seen Bill Date Koha item type
    Dewey Decimal Classification     MEDICAL SGT Medical Library SGT Medical Library Reference Book 10/04/2018 ABC 695.00 SGTU 9561   616.855 L17D FM10606 10/04/2018 30/03/2018 Books
    Dewey Decimal Classification     MEDICAL SGT Medical Library SGT Medical Library Reference Book 10/04/2018 ABC 695.00 SGTU 9561   616.855 L17D FM10607 10/04/2018 30/03/2018 Books